Quizzes
Events
Quiz Creation
Community
Videos
Private Events
Remove Ads
Sign In
Join for FREE
Feedback
Dark Mode
Quiz Categories
Sports
Geography
Music
Movies
Television
Just For Fun
Miscellaneous
History
Literature
Language
Science
Gaming
Entertainment
Religion
Holiday
For Kids
Quiz Lab
Recent
Popular Today
Quiz Kudos Today
Editor Picks
Curator Picks
Quizzes by...
Day
Popularity
Type
Ratings
Length
Year
Community
Subscriptions
Recent Discussions
Orange Saloon
Badges
Playlists
Quests
Create
Leaderboards
Showdown
Live 5
Trivia Bingo
Activity
Puzzle Library
Sporcle Events
Private Events
Virtual Trivia
Globe League
Become a Host
Pub Owners
SporcleCon
Opinionation
Our Games
Videos
Blog
Mobile Apps
Partnerships
Remove Ads and Go Orange
Feedback
Science
Computer
Plants
Astronomy
Chemistry
Elements
Math
Animal
Physics
Anatomy
Biology
Geology
General Science
Science
Computer
Plants
Astronomy
Chemistry
Elements
Math
Animal
Physics
Anatomy
Biology
Geology
General Science
Random Quiz
Search Sporcle
×
Quiz Lab
Quiz Lab
Science
lesson
Type in answers that appear in a list
Type in answers that appear in a list
Classic
Best Score? Go Orange.
Lesson 9 Combining Forms Stats
Can you name the Lesson 9 Combining Forms?
By
DaniMarc
7m
28 Questions
12 Plays
12 Plays
12 Plays
Comments
Comments
Give Quiz Kudos
Give Quiz Kudos
-
- Ratings
hide this ad
Random Order
Randomize order of answers
Randomize order of answers
Replay
Link that replays current quiz
Next Quiz
Link to next quiz in quiz playlist
You Got
0%
They Got
Avg Score
80%
Avg Friend Score
Upgrade to see
Score Distribution
Jump to the score distribution portion of the page
Score
0/28
Timer
07:00
0
Plays Today
Combining form
Meaning
% Correct
FUNG-
mushroom
100%
LATER-
side
100%
DIGIT-
finger
91.7%
OSS-
bone
91.7%
SOMN-
sleep
91.7%
ANTER-
front
83.3%
-
CID-
,-
CIS-
cut
83.3%
FACI-
,FICI-
,FACIES
face
83.3%
FEBR-
,FEBRIS
fever
83.3%
FLECT-
, FLEX-
bend
83.3%
IMMUN(I)-
exempt
83.3%
INFERIOR-
below
83.3%
OR-
,OS
mouth
83.3%
POSTER-
,-
POSTERIOR
behind
83.3%
Combining form
Meaning
% Correct
SECT-
cut
83.3%
STABIL-
,STABL-
stable
83.3%
SUPERIOR-
above
83.3%
BRACHI-
upper arm
75%
DUC-
,DUCT-
lead
75%
FAC-
,-
FIC-
,-
FECT
make
75%
FER-
,LAT-
carry
75%
FUS-
pour
75%
GER-
, GEST-
carry
75%
PEDICUL-
louse
75%
TUM(E)-
be swollen
75%
LAB-
,LAPS-
slide
66.7%
GENIT-
bring forth
58.3%
CRESC-
,-
CRET-
begin to grow
50%
Quiz Playlist
Details
Report
Send in Message
Add To Playlist
Classic:
Type in answers that appear in a list
Random Order:
Randomize order of answers
Last Updated: Feb 16, 2017
Quiz Scoreboard
CHALLENGE
Sign Up to Join the Scoreboard
Show All
Scores
Hide
Comments
May contain spoilers
Recently Published
Movies - When Are They Set?
by FPL_Elf
Movies
5m
Popular People in 1961
by mucciniale
History
6m
1-10 Letter E Words III
by El_Dandy
Language
2m
More to Explore
Quiz From the Vault
Featured Blog Post
Where Did the Easter Bunny Come From?
hide this ad
You Might Also Like...
Tags
form
lesson
Today's Top Quizzes in Science
Browse Science
hide this ad
Today's Top Quizzes in lesson
Browse lesson
Top Contributed Quizzes in Science
1
One Thing in Common: Science III
2
Quick Pick: 'CI-CJ' Animals
3
Quick Pick: Radians
4
One Thing in Common: Science
5
Sporcle Puzzle Hunt: Science
6
One Thing in Common: Science II
7
Elements In Images
8
Square Numbers Scrambled (1-50)
9
1 to 50
10
Glycolysis
Explore More
Trending Topics
Harry Potter
Disney
Anime
Crossword
Marvel
Kpop
NBA
Puzzle
The Office
Pokémon
Country
Soccer
Song
NFL
WWE
hide this ad
More By:
DaniMarc
Quiz
Plays
Rating
Category
Featured
Created
Lesson 8 Latin Prefixes & Suffixes
23
4.00
Science
Jun 4, 2012
Lesson 10 Combining Forms
16
Science
Jun 4, 2012
Lesson 11 Combing Forms
12
Science
Jun 5, 2012
Lesson 9 Combining Forms
12
Science
Jun 4, 2012
Lesson 5 Combining Form (Classics 110)
11
Science
Apr 25, 2012
Go to Creator's Profile
Score Distribution
Quiz Creator Spotlight
DaniMarc
Follow
Send a Message
Quizzes Created
-
Created Quiz Play Count
-
More By This Creator
Popular Quizzes Today
1
Find the US States - No Outlines Minefield
2
Find the Countries of Europe - No Outlines Minefield
3
The Countries of the World
4
Popular People in 1961
5
1-10 Letter E Words III
6
US States
7
Find the US States
8
One Thing in Common: World Cities II
More Science Quizzes
Find the Rat Animals
Quiz Lab
Trending Quizzes
Risky Map Clicking: Least Populous States A-Z
1-10 Letter F Words
Humor Books: The Subtitles
1-10 Letter G Words
One Thing in Common: United Kingdom
Recently Updated
Leaping Animals
pecheneg
Reality TV Shows (A-Z)
bhenderson79
Rickey Henderson's Hall of Fame Teammates
pecheneg
Champions League XIs: Arsenal
pecheneg
Quick Pick: Celebrities in WWE's Hall of Fame
aduchscher
A-Z Keypad Blitz II
pecheneg
Multiple Oscar Actors
pecheneg
Mystery Phrase Blitz: Oscar 'Best Actors'
pecheneg
F. Scott Fitzgerald Novels
LTH
Pick 3 Villains
ddd62291
Trending Topics
Crossword
NBA
Harry Potter
Kpop
Anime
Marvel
Disney
Country
WWE
Puzzle
NFL
Pokémon
Song
Soccer
The Office
Your Account Isn't Verified!
In order to create a playlist on Sporcle, you need to verify the email address you used during registration. Go to your
Sporcle Settings
to finish the process.
Report this User
Report this user for behavior that violates our
Community Guidelines
.
Details:
Send Report
Go to the Sporcle.com Mobile Site →
Comments